مكتبة جامعة عجلون الوطنية

فهرس بحث المكتبة

Normal view MARC view
  • ملكية فكرية -- قوانين وأنظمة -- الأردن -- ملكية صناعية -- قوانين و أنظمة -- الأردن -- علامات تجارية -- قوانين و أنظمة -- الأردن

Entry Topical Term

Number of records used in: 1

001 - CONTROL NUMBER

  • control field: 47085

003 - CONTROL NUMBER IDENTIFIER

  • control field: JO-AjAnu

005 - DATE AND TIME OF LATEST TRANSACTION

  • control field: 20230606081757.0

008 - FIXED-LENGTH DATA ELEMENTS

  • fixed length control field: 230606|| aca||aabn | a|a d

040 ## - CATALOGING SOURCE

  • Original cataloging agency: JO-AjAnu
  • Transcribing agency: JO-AjAnu

150 ## - HEADING--TOPICAL TERM

  • Topical term or geographic name entry element: ملكية فكرية -- قوانين وأنظمة -- الأردن -- ملكية صناعية -- قوانين و أنظمة -- الأردن -- علامات تجارية -- قوانين و أنظمة -- الأردن

670 ## - SOURCE DATA FOUND

  • Source citation: Work cat.: (JO-AjAnu)24097: حتاملة، قيصر محمد , author 47084, الحماية القانونية للرسوم الصناعية والنماذج الصناعية وفق التشريعات الأردنية